Systematics of Masdevallia (Registro nro. 5797)

Detalles MARC
000 -CABECERA
Campo de control 00540nam a2200205 a 4500
005 - FECHA Y HORA DE LA ULTIMA TRANSACCION
Campo de control 20200104041602.0
008 - ELEMENTOS DE LONGITUD FIJA—INFORMACION GENERAL
Campo de control 161125b xxu||||| |||| 00| 0 spa d
020 ## - ISBN
ISBN 0915279940
040 ## - FUENTE DE CATALOGACIÓN
Agencia catalogadora original CO-BoIAVH
Agencia transcriptora CO-BoIAVH
041 ## - IDIOMA
Código de idioma para texto/pista de sonido o título separado Inglés
090 ## - CLASIFICACIÓN LOCAL
Colección LB
Consecutivo 05040
100 1# - ASIENTO PRINCIPAL--NOMBRE PERSONAL
Nombre personal Luer, Carlyle A.
245 ## - MENCION DE TITULO
Título Systematics of Masdevallia
Parte restante del título part two
260 ## - PUBLICACION, DISTRIBUCION, ETC. (PIE DE IMPRENTA)
Lugar de publicación, distribución, etc. Sarasota
Nombre del editor, distribuidor, etc. Missouri Botanical Garden
Fecha de publicación, distribución, etc. 2000
300 ## - DESCRIPCION FISICA
Extensión 289 Paginas
650 14 - ASIENTO SECUNDARIO DE MATERIA - TERMINO TEMATICO
Término temático o nombre geográfico como elemento de entrada Botánica
650 14 - ASIENTO SECUNDARIO DE MATERIA - TERMINO TEMATICO
Término temático o nombre geográfico como elemento de entrada Taxonomia
942 ## - ELEMENTOS ADICIONALES (KOHA)
Tipo de ítem Libro
Sistema de clasificación Local
945 ## - PROCESAMIENTO LOCAL
AAAA-MM-DD - Fecha de ingreso o modificacion 2007-09-05
Existencias
Withdrawn status Lost status Sistema de Clasificación Damaged status No para préstamo Colección Inventariado Ubicación Permanente Ubicación actual Fecha de adquisición Fuente de Valor Total Checkouts Número topográfico Inventario / Código de Barras Date last seen Ejemplar Price effective from Forma de adquisición Tipo de material Public note
    Dewey Decimal Classification     General Inventariado 2017 Bogotá Bogotá 05/09/2007 Calderón, Eduardo   SE- 025165 04/12/2012 Ej.1 04/12/2012 Donación Periodica o revista Disponible en fotocopia solo para consulta en sala